| 000 | 01305cam a22003255a 4500 | ||
|---|---|---|---|
| 003 | EG-ScBUE | ||
| 005 | 20220530110346.0 | ||
| 008 | 150825s2003 enka f 000 0 eng d | ||
| 020 | _a1405017473 | ||
| 020 | _a9781405017473 | ||
| 040 |
_cEG-ScBUE _beng _erda _aEG-ScBUE _dEG-ScBUE |
||
| 082 | 0 | 4 |
_a428 _bMAN _222 |
| 100 | 1 |
_aMann, Malcolm, _eauthor. _99253 |
|
| 245 | 1 | 0 |
_aSkills for first certificate, _pWriting / _cMalcolm Mann, Steve Taylore-Knowles. |
| 246 | 3 | 0 | _aWriting |
| 264 | 1 |
_aOxford : _bMacmillan Education, _c2003. |
|
| 300 |
_a112 pages : _bcolor illustrations ; _c28 cm |
||
| 336 |
_2rdacontent _atext _btxt |
||
| 337 |
_2rdamedia _aunmediated _bn |
||
| 338 |
_2rdacarrier _avolume _bnc |
||
| 520 | _aSkills for First Certificate provides focused and thorough training in each of the four parts of the Cambridge First Certificate in English (FCE) exam: Reading, Use of English, Writing and Listening and Speaking | ||
| 650 | 7 |
_aEnglish language _vTextbooks for foreign speakers. _2BUEsh |
|
| 650 | 7 |
_aEnglish language _xWriting _vProblems, exercises, etc. _2BUEsh |
|
| 650 | 7 |
_aEnglish language _vComposition and exercises. _2BUEsh |
|
| 651 | _2BUEsh | ||
| 653 |
_bHHUUEENN _cJuly2019 |
||
| 655 |
_vReading book _934232 |
||
| 700 | 1 |
_aTaylore-Knowles, Steveā, _eauthor. |
|
| 942 |
_2ddc _cBB |
||
| 999 |
_c1448 _d1448 |
||